Bibliografía nacional de El Salvador 1994-1995 (Registro nro. 11470)
[ vista simple ]
| 000 -LIDER | |
|---|---|
| fixed length control field | 00766nam a22002537a 4500 |
| 001 - NÚMERO DE CONTROL | |
| Identificador de número de control | 7841 |
| 003 - IDENTIFICACDOR DE NÚMERO DE CONTROL | |
| control field | DO-SdBNP |
| 005 - DATE AND TIME OF LATEST TRANSACTION | |
| control field | 20240813091743.0 |
| 007 - CAMPOS FIJOS DE DESCRIPCIÓN FÍSICA | |
| fixed length control field | 7841 |
| 008 - ELEMENTOS DE LONGITUD FIJA | |
| fixed length control field | 160921b 1999 sl 00| 0 spa d |
| 020 ## - ISBN | |
| International Standard Book Number | 9992376090 |
| 040 ## - FUENTE DE CATALOGACIÓN | |
| Idioma de catalogación | BPMSU |
| Agencia que realiza la transcripción | spa |
| Agencia que realiza la modificación | BPMSU |
| 082 #4 - NÚMERO DE CLASIFICACIÓN DECIMAL DE DEWEY | |
| Classification number | R015.7284 |
| Item number | B582n 1999 |
| Edition number | 22 |
| 245 00 - MENCIÓN DE TITULO | |
| Título | Bibliografía nacional de El Salvador 1994-1995 |
| 260 ## - PUBLICACIÓN, DISTRIBUCIÓN, ETC. (PIE DE IMPRENTA) | |
| Lugar de publicación, distribución, etc | San Salvador : |
| Nombre del editor, distribuidor, etc. | Concultura, Biblioteca Nacional, |
| Fecha de publicación, distribución, etc | 1999 |
| 300 ## - DESCRIPCIÓN FÍSICA | |
| Extensión | 315 p.; |
| Otros detalles físicos | 27 cm. |
| 590 ## - NOTA LOCAL | |
| Texto de la nota local | Inventariado, 2024/VM |
| 650 #4 - ENCABEZAMIENTO DE MATERIA--TEMÁTICO | |
| Término temático o nombre geográfico como elemento de entrada | Bibliografía nacional |
| Subdivisión cronológica | 1994-1995. |
| Subdivisión geográfica | El Salvador |
| 651 #4 - ENCABEZAMIENTO DE MATERIA--NOMBRE GEOGRÁFICO | |
| Nombre geográfico | El Salvador |
| Subdivisión de forma | Bibliografías |
| Subdivisión cronológica | 1994-1995. |
| 710 2# - ASIENTO SECUNDARIO -- NOMBRE CORPORATIVO | |
| Nombre corporativo o de jurisdicción | Biblioteca Nacional de El Salvador |
| Institución que aplica el campo | |
| 910 ## - VALIDACIÓN | |
| Validación | VMateo V. Control de calidad. BPMSU |
| 942 ## - ADDED ENTRY ELEMENTS (KOHA) | |
| Source of classification or shelving scheme | Dewey Decimal Classification |
| Koha item type | Libros |
| 945 ## - INFORMACIÓN DE PROCESAMIENTO LOCAL | |
| Información de procesamiento local | |
| Withdrawn status | Lost status | Source of classification or shelving scheme | Damaged status | Not for loan | Collection code | Home library | Current library | Date acquired | Source of acquisition | Total Checkouts | Full call number | Barcode | Date last seen | Price effective from | Koha item type |
|---|---|---|---|---|---|---|---|---|---|---|---|---|---|---|---|
| Dewey Decimal Classification | Colección de Referencia General | Biblioteca Pública Metropolitana Salomé Ureña | Biblioteca Pública Metropolitana Salomé Ureña | 09/21/2016 | BPMSU CGR R015.7284 B582n 1999 | BPMSU16090443 | 09/21/2016 | 09/21/2016 | Libros |